000 00248nam a2200109Ia 4500
008 190216s9999||||xx |||||||||||||| ||und||
100 _aKuttan K P
245 0 _aSahakarana Management
260 _bBhasha Institute
650 _aCommerce
942 _cBK
999 _c5270
_d5270